| 000 | 00762nam a2200205 a 4500 | ||
|---|---|---|---|
| 001 | 000022854 | ||
| 005 | 20200930021834.0 | ||
| 008 | 101119s1973 mx r 000 0 spa d | ||
| 040 |
_aDO-SdBNP _bspa _cBNPHU |
||
| 082 |
_axxxx _bF911f |
||
| 100 | 1 |
_aFriedrich Sauer, Ernst _946966 |
|
| 245 | 1 | 0 |
_ade Eckhart a Heidegger : _bpresentación, crítica y juicio sobre sus filosofías / _cErnst Friedrich Sauer ; traducción María Martínez Peñaloza. |
| 260 |
_aMéxico, D. F. : _bFondo de Cultura Económica, _c1973. |
||
| 300 |
_a307 p. ; _c17 cm. |
||
| 490 | 1 |
_aFilósofos alemanes ; _v231 |
|
| 500 | _aIncluye notas al pie de las páginas. | ||
| 700 | 1 |
_aMartínez Peñaloza, María, _etr. _946967 |
|
| 830 | 0 |
_aFilósofos alemanes ; _n231 _946968 |
|
| 049 | _aBNGR | ||
| 999 |
_c22351 _d22351 |
||